| 000 | 01002nas a2200301 4500 | ||
|---|---|---|---|
| 001 | BR0000042 | ||
| 003 | BR-BrBNA | ||
| 005 | 20231205101624.0 | ||
| 007 | ta | ||
| 008 | 230509b bl.|||p| |||| 00| 00por d | ||
| 040 |
_aBR-BrBNA _bpor _cBiblioteca Nacional de Agricultura |
||
| 041 | _a(Pt) | ||
| 072 | _aF60; F04 | ||
| 100 | 1 | _aAguiar, R. da S. | |
| 100 | 1 | _aVasquez, H.M. | |
| 100 | 1 | _aSilva, J.F.C. da | |
| 245 | 1 | _aDegradabilidade in situ da materia seca, proteina bruta e fibra em detergente neutro do capim-Furachao (Pinacum repens, L.)submetido a adubacao e em diferentes idades de corte | |
| 650 | _aGraminea Forrageira | ||
| 650 | _aAdubacao | ||
| 650 | _aMateria Seca | ||
| 650 | _aProteina Bruta | ||
| 650 | _aFibra | ||
| 650 | _aDigestibilidade | ||
| 650 | _aAnalise Estatistica | ||
| 773 | 0 |
_tRevista Brasileira de Zootecnia (Brazil) _xISSN 1516-3598 _g(Jul-Aug 1999), v. 28(4) p. 799-807 _wBR0000042 |
|
| 909 |
_a202311 _bLúcia _c55 _dLúcia Elande |
||
| 942 |
_2AGRIS _n0 _cANA |
||
| 999 |
_c162877 _d162877 |
||